• 首页
  • 本馆介绍
  • 公告通知
  • 最新文献
  • 馆藏检索
  • 电子资源
  • 读者导购
  • 参考咨询
  • 我的图书馆
  • 登录
  • 详细信息显示
  • 放入我的书架
  • 预约/预借图书
  • 作者相关作品
  • 分类相关作品
  • 丛书相关作品
  • 出版社相关作品

书目信息

  • 表格格式
  • 工作单格式
  • 卡片格式
题名:
篆学丛书
    
 
作者: 顾翠岚 校刊
分册: 下  
出版信息: 北京   北京市中国书店  1983
页数: 2册
开本: 19cm
丛书名:
单 册:
中图分类: J292.4 , H12
科图分类:
主题词: 汉字--文字学
电子资源:
ISBN:
000 00573nam0 2200229 45
001 1569620312
005 20150124185727.32
010    @dCNY3.60
100    @a19960320d1983 em y0chiy0121 ea
101 0  @achi
102    @aCN@b110000
105    @ay z 000yy
200 10 @a篆学丛书@Azhuan xue cong shu@h下@f顾翠岚校刊
205    @a影印本
210    @a北京@c北京市中国书店@d1983
215    @a2册@d19cm
606 0  @a汉字@x文字学
690    @aJ292.4@v3
690    @aH12@v4
701  0 @a顾翠岚@Agu cui lan@4校刊
801  0 @aCN@bTSSF@c20150124
905    @aZUCC@dH12@eJY4:2
    
    篆学丛书.下/顾翠岚校刊.-影印本.-北京:北京市中国书店,1983
    2册;19cm
    
    
    ISBN :CNY3.60
    
●
相关链接 在E读中查询图书 在五车中查询图书 在当当中查询图书 在豆瓣中查询图书


正题名:篆学丛书     索取号:H12/JY4:2         预约/预借

序号 登录号 条形码 馆藏地/架位号 状态 备注
1 7856952   278569522   学院路分馆/ [索取号:H12/JY4:2] 在馆    
2 7856954   278569540   学院路分馆/ [索取号:H12/JY4:2] 在馆    
3 7856955   278569559   学院路分馆/ [索取号:H12/JY4:2] 在馆    
唐山师范学院图书馆 欢迎您!
大连网信软件有限公司© 版权所有